Normal view MARC view

Entry Personal Name

Number of records used in: 1

001 - CONTROL NUMBER

  • control field: 1114

003 - CONTROL NUMBER IDENTIFIER

  • control field: DLC

005 - DATE AND TIME OF LATEST TRANSACTION

  • control field: 20200109155737.0

008 - FIXED-LENGTH DATA ELEMENTS

  • fixed length control field: 070221n| acannaabn |n aaa

010 ## - LIBRARY OF CONGRESS CONTROL NUMBER

  • LC control number: n 2007012423

040 ## - CATALOGING SOURCE

  • Original cataloging agency: DLC
  • Language of cataloging: eng
  • Transcribing agency: DLC

100 1# - HEADING--PERSONAL NAME

  • Personal name: Bhattacharya, Sukumar,
  • Dates associated with a name: 1923-2005

670 ## - SOURCE DATA FOUND

  • Source citation: Bhattacharya, Sukumar. Indian income tax law & practice, as corrected upto June 1982, 1982:
  • Information found: t.p. (Sukumar Bhattacharya)

670 ## - SOURCE DATA FOUND

  • Source citation: Eastern India Regional Council of ICAI WWW site, viewed Feb. 21, 2007
  • Information found: (Sukumar Bhattacharya (1923-2005))

Powered by Koha